| 000 | 00821nam a22002417a 4500 | ||
|---|---|---|---|
| 003 | OSt | ||
| 005 | 20240530073925.0 | ||
| 008 | 210323b 2018 dr 00| 0 eng d | ||
| 020 | _a9789945168846 | ||
| 040 |
_aDO-SdBNP _bspa _cBNPHU |
||
| 082 | 4 |
_222 _aRD863.44 _bT173c |
|
| 100 | 1 |
_aTapounet Loinaz, Vicente _965263 |
|
| 245 | 1 | 0 |
_aEl Che en el más allá / _cVicente Tapounet Loinaz ; prólogo, Narciso Isa Conde. |
| 260 |
_aSanto Domingo : _bBúho, _c2018. |
||
| 300 |
_a97 p. ; _c22 cm. |
||
| 500 | _aIncluye datos biográficos del autor en la solapa de la cubierta. | ||
| 590 | _aInventariado, 2021 /LP | ||
| 650 | 0 |
_aNovela dominicana _9223 |
|
| 650 | 4 |
_aLiteratura dominicana _979219 |
|
| 700 | 1 |
_aIsa Conde, Narciso, _d1942- _eprólogo _912387 |
|
| 910 | _aValidado. Control de calidad MFF | ||
| 942 |
_2ddc _cLBS1 |
||
| 999 |
_c49666 _d49666 |
||